Statistiken für "Lieblingsmensch" von Namika Liedtext-Quiz

Klicken Sie hier um das Quiz zu spielen!

Allgemein

  • Dieses Quiz wurde 101 mal gespielt
  • Das Durchschnittsergebnis liegt bei 256 aus 360

Antwortstatistiken

Antwort% Korrekt
Lieblingsmensch
99%
Hallo
97%
Das
95%
ich
95%
Ich
95%
ich,
95%
ich's
95%
dass
93%
du
93%
Du
93%
du's
93%
und
93%
Und
93%
dir
90%
mich
90%
ein
89%
ein,
89%
Ein
89%
kann
89%
'ner
89%
so
89%
Bei
88%
sein
88%
sein,
88%
verrückt
86%
kennst
85%
wir
85%
wir,
85%
gut
84%
dafür,
80%
uns
80%
verträumt
80%
der
78%
kennen
77%
Na
77%
wie
77%
bist
76%
die
73%
Schön,
73%
Danke
72%
verträumt
72%
mit
68%
zu
68%
auf
67%
im
67%
All
66%
Riesenkompliment
66%
ist
65%
mir
65%
an
64%
dich
64%
A2
60%
wenn
60%
bin
59%
nicht
59%
Stau
59%
fühl
58%
vor,
58%
dann
57%
hier
57%
manchmal
56%
Manchmal
56%
Aber
53%
aber
53%
als
53%
nie
53%
von
53%
Selbst
52%
sind
52%
vorbei
52%
wird
52%
böse
50%
Hawaii
50%
Mal,
50%
mal
50%
wird
50%
meine
49%
Schmeckt
49%
Kaffee
48%
Weil
48%
Segelschiff
47%
Alltag
45%
drehen
45%
lang
45%
sich
45%
Tanke
45%
falsch
44%
Kreis,
44%
mehr
44%
Streit
44%
aus
43%
Doch
43%
grau
43%
sahen,
43%
yeah
43%
51
42%
Area
42%
Bord,
42%
Pack
42%
sagen,
42%
Blitzschnell
41%
her
41%
Kleinigkeit
41%
raus
41%
viel
41%
Blei
40%
Minuten
40%
Plörre
40%
fünf
39%
vertraue
39%
weißt
39%
Auch
38%
gerne
38%
letzte
38%
Mach
38%
wärst
38%
durchgeknallt
36%
schwer
36%
zweit,
36%
Bescheid
35%
Blick
35%
niemand
35%
sicher
35%
nichts
34%
reicht
34%
was
34%
weggewesen
34%
alles
33%
aufbewahrst,
33%
baust
33%
brauch
33%
gar
33%
jetzt
32%
leicht
32%
darf's
30%
diesem
30%
lachen
30%
alten
28%
erfahren,
28%
jung
27%
Polaroidbild
26%
schweig,
26%
gleich
25%
Lass
25%
sofort
25%
wiegt
25%
hängen,
24%
scheint
24%
ändern
23%
Zeiten
23%
fällt's
22%
Absolut
18%

Verteilung der Resultate

Perzentil nach korrekt beantworteten Fragen

Anzahl Personen mit jedem Resultat

Ihre Resultats-Entwicklung

Sie haben dieses Quiz noch nicht gespielt